000 00303nam a22001337a 4500
008 250318b |||||||| |||| 00| 0 eng d
020 _aNIL
050 _aHD30.22
_b.D95
100 _aDWIVEDDI, D . N
245 _aManagerial Economics
260 _aNew Delhi
_bNIL
_c1994
300 _a424p.
942 _cBK
999 _c2412
_d2412